000 00535nam a2200181Ia 4500
008 220216s9999 xx 000 0 und d
100 _aMathew N.M.
245 0 _aChemical and scanning electron microscopy studies on fatigue failure of natural rubber vulcanizates
260 _bRubber Chemistry and Technology
_c1982
300 _a51-61
650 _aNatural rubber
650 _aScanning electron microscopy
650 _aTear fracture
650 _aVulcanizate
700 _aBhowmick A.K.
700 _aDe S.K.
942 _cBS
999 _c50932
_d50932